Materials science of polymers for engineers

Engineering Design Properties - covering the different properties that need to be considered when designing a polymer component - from mechanical properties to failure mechanisms, electrical properties, acoustic properties, and permeability of polymers. The first edition was praised for the vast num...

Descripción completa

Guardado en:
Detalles Bibliográficos
Autor principal: Osswald, Tim A.
Formato: Libro
Lenguaje:Undetermined
Publicado: Munich Hanser Publishers 2003
Materias:
Etiquetas: Agregar Etiqueta
Sin Etiquetas, Sea el primero en etiquetar este registro!
Thư viện lưu trữ: Trung tâm Học liệu Trường Đại học Cần Thơ
LEADER 01458nam a2200205Ia 4500
001 CTU_145194
008 210402s9999 xx 000 0 und d
020 |c 99.95 
082 |a 620.192 
082 |b O.84 
100 |a Osswald, Tim A. 
245 0 |a Materials science of polymers for engineers 
245 0 |c Tim A. Osswald, Georg Menges 
260 |a Munich 
260 |b Hanser Publishers 
260 |c 2003 
520 |a Engineering Design Properties - covering the different properties that need to be considered when designing a polymer component - from mechanical properties to failure mechanisms, electrical properties, acoustic properties, and permeability of polymers. The first edition was praised for the vast number of graphs and data that can be used as a reference. A new table in the appendix containing material property graphs for several polymers further strengthens this attribute. A new chapter introducing polymers from a historical perspective not only makes the topic less dry, but it also provides a chance to shade light on the role polymers played, for better and for worse, while shaping today's industrial world. The most important change made to this edition is the introduction of real-world examples and a variety of problems at the end of each chapter. 
650 |a Polymers,Plastics,Hợp chất cao phân tử,Chất dẻo 
904 |i Trọng Hải 
980 |a Trung tâm Học liệu Trường Đại học Cần Thơ